Treasures of the andes : (Record no. 353944)
[ view plain ]
| 000 -LEADER | |
|---|---|
| fixed length control field | 01224nam a2200301 a 4500 |
| 001 - CONTROL NUMBER | |
| control field | ASIN1844831493 |
| 003 - CONTROL NUMBER IDENTIFIER | |
| control field | OSt |
| 005 - DATE AND TIME OF LATEST TRANSACTION | |
| control field | 20180116192422.0 |
| 008 - FIXED-LENGTH DATA ELEMENTS--GENERAL INFORMATION | |
| fixed length control field | 140509s2005 xxu eng d |
| 020 ## - INTERNATIONAL STANDARD BOOK NUMBER | |
| International Standard Book Number | 1844832171 (hardcover) |
| 020 ## - INTERNATIONAL STANDARD BOOK NUMBER | |
| International Standard Book Number | 9781844832170 (hardcover) |
| 040 ## - CATALOGING SOURCE | |
| Transcribing agency | sada |
| 050 04 - LIBRARY OF CONGRESS CALL NUMBER | |
| Classification number | F2212 |
| 082 04 - DEWEY DECIMAL CLASSIFICATION NUMBER | |
| Classification number | 980.012 |
| 100 1# - MAIN ENTRY--PERSONAL NAME | |
| Personal name | Quilter, Jerrrey. |
| 9 (RLIN) | 7524 |
| 245 10 - TITLE STATEMENT | |
| Title | Treasures of the andes : |
| Remainder of title | the glories of inca and pre-columbian south america / |
| Statement of responsibility, etc. | Jerrrey Quilter. |
| 250 ## - EDITION STATEMENT | |
| Edition statement | 1st ed. |
| 260 ## - PUBLICATION, DISTRIBUTION, ETC. | |
| Place of publication, distribution, etc. | [S.l.] : |
| Name of publisher, distributor, etc. | Duncan Baird Publishers, |
| Date of publication, distribution, etc. | 2005. |
| 300 ## - PHYSICAL DESCRIPTION | |
| Extent | 224 p. ; |
| Dimensions | 31 cm. |
| 500 ## - GENERAL NOTE | |
| General note | Import. |
| 520 ## - SUMMARY, ETC. | |
| Summary, etc. | This is a new book, tight binding, no marks, unread copy, with minimal shelf wear at the dust jacket. Write by Jeffrey Quilter, published by Duncan Baird Publishers, is a first edition, year 2005. It has 224 pages fully illustrated in color. Shipping every day with free delivery confirmation from Texas. |
| 650 #0 - SUBJECT ADDED ENTRY--TOPICAL TERM | |
| Topical term or geographic name entry element | Andes Region |
| 9 (RLIN) | 7525 |
| 650 #0 - SUBJECT ADDED ENTRY--TOPICAL TERM | |
| Topical term or geographic name entry element | Antiquities |
| 9 (RLIN) | 7526 |
| 650 #0 - SUBJECT ADDED ENTRY--TOPICAL TERM | |
| Topical term or geographic name entry element | Civilization |
| 9 (RLIN) | 7527 |
| 650 #0 - SUBJECT ADDED ENTRY--TOPICAL TERM | |
| Topical term or geographic name entry element | Indians of South America--Antiquities |
| 9 (RLIN) | 7528 |
| 856 40 - ELECTRONIC LOCATION AND ACCESS | |
| Materials specified | Amazon.com |
| Uniform Resource Identifier | <a href="http://www.amazon.com/exec/obidos/ASIN/1844831493/chopaconline-20">http://www.amazon.com/exec/obidos/ASIN/1844831493/chopaconline-20</a> |
| 942 ## - ADDED ENTRY ELEMENTS (KOHA) | |
| Source of classification or shelving scheme | |
| Koha item type | Book |
| Withdrawn status | Lost status | Source of classification or shelving scheme | Damaged status | Not for loan | Permanent Location | Current Location | Date acquired | Total Checkouts | Full call number | Barcode | Date last seen | Cost, replacement price | Price effective from | Koha item type |
|---|---|---|---|---|---|---|---|---|---|---|---|---|---|---|
| School of Art Design and Architecture (SADA) | School of Art Design and Architecture (SADA) | 05/09/2014 | 980.012 QUI 2005 | SADA0002310 | 01/05/2017 | 3981.94 | 01/05/2017 | Book |
